000 00402nam a2200145Ia 4500
008 210210b1988 xxu||||| |||| 00| 0 eng d
082 _a891.4609 DESH
100 _aDESHPANDE (Kusumawati) and RAJADHYAKSHA (M V).
245 _aHistory of marathi literature.
260 _aNew Delhi.
_bSahitya Akademi
_c1988
300 _a236
650 _aMarati Marathi
690 _aLiterature
906 _a053838
999 _c101974
_d101974